| 000 | 00762cam a22002652 4500 | ||
|---|---|---|---|
| 999 |
_c6810 _d6810 |
||
| 001 | 6810 | ||
| 003 | BD-JhCC | ||
| 005 | 20180419185859.0 | ||
| 008 | 730103r19561970enka 000 0 eng | ||
| 035 | _a(BD-JhCC)6810 | ||
| 040 |
_aDLC _cWSU _dOCL _dSER _dUKM _dEQO _dBD-JhCC |
||
| 041 | _aeng | ||
| 050 | 0 |
_aQA269 _b.V3 |
|
| 082 |
_a512.89 _bVAJ 1970 |
||
| 100 | 1 | _aVajda, S. | |
| 245 | 1 | 4 |
_aThe theory of games and linear programming / _cS. Vajda |
| 260 |
_aLondon : _bMethuen ; _aNew York : _bWiley, _c[1956] |
||
| 300 |
_a106 p. _billus. _c18 cm. |
||
| 490 | 1 | _aMethuen's monographs on physical subjects | |
| 650 | 0 | _aGame theory | |
| 650 | 0 | _aLinear programming. | |
| 830 | 0 | _aMethuen's monographs on physical subjects | |
| 942 |
_2ddc _cBK |
||